000 00253nam a2200097Ia 4500
001 991961
005 20250826221340.0
008 250824s9999 xx 000 0 und d
245 0 _aHAFIZA KOLEKSİYONCUSU
_cKAYAHAN DEMİR
260 _bGENÇ TİMAŞ YAYINLARI
999 _c991961
_d991961